[Event "World Corporate West A"]
[Site "Chess.com INT"]
[Date "2021.02.21"]
[Round "4.1"]
[White "Sai, Krishna GV"]
[Black "Rambaldi, Francesco"]
[Result "0-1"]
[WhiteElo "2405"]
[BlackElo "2569"]
[PlyCount "84"]
[EventDate "2021.02.20"]
[EventType "team (rapid)"]
[EventRounds "7"]
[EventCountry "USA"]
[SourceTitle "CBM 200 Extra"]
[Source "ChessBase"]
[SourceDate "2021.03.31"]
[SourceVersion "1"]
[SourceVersionDate "2021.03.31"]
[SourceQuality "1"]
[WhiteTeam "Telus"]
[BlackTeam "Microsoft Redmond"]
[WhiteTeamCountry "CAN"]
[BlackTeamCountry "USA"]

1. e4 c6 2. d4 d5 3. Nc3 dxe4 4. Nxe4 Nf6 5. Ng3 h5 6. h4 c5 7. Nf3 Bg4 8. Bb5+ Nc6 9. 0-0 cxd4 10. Qxd4 Bxf3 11. Qxd8+ Rxd8 12. gxf3 Rc8 13. Bg5 a6 14. Ba4 e6 15. Bxf6 gxf6 16. c3 f5 17. Kh2 Be7 18. Kh3 b5 19. Bd1 Ne5 20. a4 b4 21. cxb4 Bxb4 22. Be2 a5 23. Rac1 Ke7 24. f4 Ng6 25. Rxc8 Nxf4+ 26. Kh2 Rxc8 27. Bxh5 Rh8 28. Bf3 Rxh4+ 29. Kg1 Nd3 30. b3 Nc5 31. Bd1 Rd4 32. Ne2 Rd2 33. Kg2 Nd3 34. Ng1 Nf4+ 35. Kg3 Bd6 36. Kh4 Kf6 37. Nh3 Ng6+ 38. Kh5 Rd4 39. f4 Bxf4 40. Nxf4 Nxf4+ 41. Kh6 Rd8 42. Kh7 Ng6 0-1

[Event "PRO League Stage"]
[Site "Chess.com INT"]
[Date "2020.01.29"]
[Round "4"]
[White "Nihal, Sarin"]
[Black "Rambaldi, Francesco"]
[Result "1-0"]
[WhiteElo "2618"]
[BlackElo "2570"]
[PlyCount "211"]
[EventDate "2020.01.06"]
[EventType "team-swiss (rapid)"]
[EventRounds "7"]
[EventCountry "USA"]
[SourceTitle "CBM 194 Extra"]
[Source "ChessBase"]
[SourceDate "2020.03.31"]
[SourceVersion "1"]
[SourceVersionDate "2020.03.31"]
[SourceQuality "1"]
[WhiteTeam "India Yogis"]
[BlackTeam "Turkey Knights"]
[WhiteTeamCountry "IND"]
[BlackTeamCountry "TUR"]

1. Nf3 d5 2. e3 Nf6 3. c4 e6 4. b3 Bd6 5. Bb2 0-0 6. Nc3 b6 7. Rc1 dxc4 8. Bxc4 Bb7 9. d4 c5 10. dxc5 Bxc5 11. Qxd8 Rxd8 12. Ke2 Nbd7 13. Rhd1 a6 14. Na4 Be7 15. Bxf6 Bxf6 16. Rxd7 Rxd7 17. Nxb6 Rad8 18. Nxd7 Rxd7 19. Bd3 Kf8 20. Rc4 Bxf3+ 21. gxf3 a5 22. Be4 Ra7 23. f4 g6 24. a3 Be7 25. Ra4 Bd8 26. b4 Ke7 27. b5 Bb6 28. Rc4 Rc7 29. Bc6 Rc8 30. a4 f5 31. Rc1 Kf6 32. h4 Ke7 33. Rh1 Kf6 34. h5 Kg7 35. hxg6 hxg6 36. Kf3 Rd8 37. Rc1 Rc8 38. Ke2 Kf6 39. Rh1 Kg7 40. Rg1 Kf6 41. Kf3 Rd8 42. Rc1 Rc8 43. Rc2 Ke7 44. Ra2 Rd8 45. Ra1 Kf6 46. Ke2 Rc8 47. Rb1 Kf7 48. Kf3 Kf6 49. Rh1 Kg7 50. Bd7 Rc4 51. Bxe6 Rxa4 52. Rd1 Rb4 53. Rd7+ Kh8 54. Bf7 a4 55. Bxg6 a3 56. Bxf5 Rxb5 57. Be6 Rb2 58. Rd3 Bc5 59. Rc3 Bb4 60. Rc7 Be1 61. Ra7 Rxf2+ 62. Ke4 Bb4 63. Kf5 Bc5 64. Ra8+ Kg7 65. e4 Be3 66. Rxa3 Bxf4 67. Ra7+ Kh6 68. Kg4 Be3 69. Ra4 Rf4+ 70. Kg3 Rf8 71. Bf5 Kg5 72. Kf3 Bb6 73. Ra6 Rb8 74. Ra2 Kf6 75. Rc2 Ke5 76. Rc6 Bd8 77. Re6+ Kd4 78. Rd6+ Ke5 79. Rd5+ Kf6 80. Kf4 Bc7+ 81. e5+ Bxe5+ 82. Rxe5 Rb6 83. Be4 Re6 84. Rh5 Ke7 85. Bd5 Re1 86. Rh6 Kd7 87. Be4 Kc7 88. Ke5 Rd1 89. Bd5 Re1+ 90. Kd4 Kd7 91. Kc5 Ke7 92. Kd4 Kd7 93. Rg6 Ke7 94. Be4 Kf7 95. Rb6 Kg7 96. Ke5 Rf1 97. Rg6+ Kf7 98. Rg2 Ke7 99. Rb2 Kd7 100. Rb7+ Kc8 101. Rg7 Rd1 102. Bd5 Kb8 103. Kd6 Rc1 104. Rb7+ Kc8 105. Rb2 Rc3 106. Be6+ 1-0

[Event "PRO League Stage"]
[Site "Chess.com INT"]
[Date "2020.01.29"]
[Round "4"]
[White "Rambaldi, Francesco"]
[Black "Gupta, Abhijeet"]
[Result "0-1"]
[WhiteElo "2570"]
[BlackElo "2603"]
[PlyCount "64"]
[EventDate "2020.01.06"]
[EventType "team-swiss (rapid)"]
[EventRounds "7"]
[EventCountry "USA"]
[SourceTitle "CBM 194 Extra"]
[Source "ChessBase"]
[SourceDate "2020.03.31"]
[SourceVersion "1"]
[SourceVersionDate "2020.03.31"]
[SourceQuality "1"]
[WhiteTeam "Turkey Knights"]
[BlackTeam "India Yogis"]
[WhiteTeamCountry "TUR"]
[BlackTeamCountry "IND"]

1. Nf3 Nf6 2. b3 g6 3. g3 d5 4. c4 d4 5. b4 c5 6. bxc5 Nc6 7. d3 Bg7 8. Bg2 0-0 9. 0-0 Nd7 10. Ba3 Qa5 11. Nfd2 Nxc5 12. Nb3 Nxb3 13. axb3 Qh5 14. Nd2 Bh3 15. b4 Ne5 16. b5 Rfe8 17. Bxb7 Rab8 18. Bg2 Ng4 19. Nf3 Rb6 20. Nh4 Bxg2 21. Kxg2 Rf6 22. Bc1 g5 23. e4 dxe3 24. h3 gxh4 25. Qxg4 Qxg4 26. hxg4 Rxf2+ 27. Rxf2 h3+ 28. Kxh3 exf2 29. Bb2 Bxb2 30. Rb1 Bd4 31. Kg2 Rd8 32. Rb3 Bc5 0-1

[Event "Titled Tuesday intern op 3rd July"]
[Site "Chess.com INT"]
[Date "2018.07.03"]
[Round "1"]
[White "Kowalski, Igor"]
[Black "Rambaldi, Francesco"]
[Result "1/2-1/2"]
[WhiteElo "2323"]
[BlackElo "2556"]
[PlyCount "149"]
[EventDate "2018.07.03"]
[EventType "swiss (blitz)"]
[EventRounds "10"]
[EventCountry "USA"]
[SourceTitle "EXT 2021"]
[Source "ChessBase"]
[SourceDate "2020.10.23"]
[SourceVersion "1"]
[SourceVersionDate "2020.10.23"]
[SourceQuality "1"]

1. d4 g6 2. c4 Bg7 3. e4 e6 4. Nc3 Ne7 5. f4 d5 6. e5 c5 7. dxc5 0-0 8. Nf3 Nbc6 9. Be3 Qa5 10. Qa4 Qxa4 11. Nxa4 Bd7 12. Nc3 Rfc8 13. cxd5 exd5 14. Bb5 Bg4 15. Nd4 Nxd4 16. Bxd4 a6 17. Ba4 Nf5 18. Bf2 d4 19. Ne4 Ne3 20. Bxe3 dxe3 21. b4 a5 22. Nd6 Rc7 23. a3 axb4 24. axb4 Bd7 25. b5 Rxc5 26. 0-0 b6 27. Bb3 Rxa1 28. Rxa1 Kf8 29. Bxf7 g5 30. g3 gxf4 31. gxf4 Ke7 32. Ra3 Bh6 33. Rxe3 Bxf4 34. Re4 Rc1+ 35. Kg2 Rc2+ 36. Kf3 Bxh2 37. e6 Bxd6 38. exd7+ Kxd7 39. Be8+ Kd8 40. Bc6 h5 41. Re8+ Kc7 42. Rh8 Rc3+ 43. Ke4 Rc4+ 44. Kf5 Rc5+ 45. Kg6 Be7 46. Rxh5 Rc1 47. Rd5 Bd6 48. Rf5 Be7 49. Rd5 Rg1+ 50. Kf7 Bd6 51. Rd4 Rf1+ 52. Ke6 Re1+ 53. Re4 Rh1 54. Ra4 Rh6+ 55. Kf5 Rh2 56. Ra7+ Kc8 57. Ke6 Bc7 58. Ra8+ Bb8 59. Bd7+ Kc7 60. Bc6 Re2+ 61. Kd5 Rd2+ 62. Kc4 Rh2 63. Ra3 Rh4+ 64. Kd5 Rh5+ 65. Ke6 Kc8 66. Rf3 Re5+ 67. Kf7 Re1 68. Rh3 Bd6 69. Rh8+ Kc7 70. Rh7 Bc5 71. Kf6+ Kc8 72. Rh8+ Kc7 73. Rh7+ Kd8 74. Rh8+ Kc7 75. Rh7+ 1/2-1/2

[Event "FRA-chT Top 12"]
[Site "Brest"]
[Date "2018.05.27"]
[Round "2"]
[White "Rambaldi, Francesco"]
[Black "Flom, Gabriel"]
[Result "1/2-1/2"]
[WhiteElo "2556"]
[BlackElo "2501"]
[PlyCount "66"]
[EventDate "2018.05.26"]
[EventType "team-tourn"]
[EventRounds "11"]
[EventCountry "FRA"]
[SourceTitle "EXT 2019"]
[Source "ChessBase"]
[SourceDate "2018.10.10"]
[SourceVersion "1"]
[SourceVersionDate "2018.10.10"]
[SourceQuality "1"]
[WhiteTeam "Nice Alekhine"]
[BlackTeam "Tremblay en France"]
[WhiteTeamCountry "FRA"]
[BlackTeamCountry "FRA"]

1. d4 d5 2. c4 c6 3. Nf3 Nf6 4. e3 Bf5 5. Nc3 e6 6. Bd3 Bxd3 7. Qxd3 Nbd7 8. 0-0 Be7 9. b3 0-0 10. Bb2 Re8 11. Rad1 Qa5 12. Rfe1 Ba3 13. Qc2 Bxb2 14. Qxb2 Qa6 15. e4 dxe4 16. Nxe4 Nxe4 17. Rxe4 b5 18. Qe2 bxc4 19. Re3 Rad8 20. bxc4 h6 21. h3 c5 22. d5 Nf6 23. dxe6 Rxd1+ 24. Qxd1 Rxe6 25. Qd8+ Kh7 26. Qd3+ Kg8 27. Qd8+ Kh7 28. Qd3+ Kg8 29. Rxe6 Qxe6 30. Qd8+ Kh7 31. Qd3+ Kg8 32. Qd8+ Kh7 33. Qd3+ Kg8 1/2-1/2

[Event "Titled Tuesday intern op 2nd Jan"]
[Site "Chess.com INT"]
[Date "2018.01.02"]
[Round "5"]
[White "Rambaldi, Francesco"]
[Black "Hess, Robert L"]
[Result "0-1"]
[WhiteElo "2563"]
[BlackElo "2568"]
[PlyCount "76"]
[EventDate "2018.01.02"]
[EventType "swiss (blitz)"]
[EventRounds "10"]
[EventCountry "USA"]
[SourceTitle "EXT 2021"]
[Source "ChessBase"]
[SourceDate "2020.10.23"]
[SourceVersion "1"]
[SourceVersionDate "2020.10.23"]
[SourceQuality "1"]

1. e4 d6 2. d4 Nf6 3. Bd3 e5 4. c3 g6 5. Nf3 Nbd7 6. 0-0 Bg7 7. Re1 0-0 8. a4 Nh5 9. Be3 Qe7 10. Nbd2 Ndf6 11. h3 Nf4 12. Bxf4 exf4 13. Nb3 Nh5 14. e5 d5 15. a5 Bh6 16. Qc2 Ng7 17. c4 dxc4 18. Bxc4 Nf5 19. d5 Nh4 20. Qc3 Nxf3+ 21. Qxf3 Qb4 22. Bf1 Bf5 23. Rac1 Rac8 24. Red1 Bg7 25. Rd4 Qe7 26. Rxf4 Qxe5 27. Rb4 Qxb2 28. Rxb7 Be5 29. Bd3 Rb8 30. Rxb8 Rxb8 31. Rb1 Rxb3 32. Rxb2 Bxb2 33. Qe2 Bxd3 34. Qe8+ Kg7 35. Qc6 Be5 36. g3 Be4 37. Kf1 Bf3 38. Qc2 Ra3 0-1

[Event "Titled Tuesday intern op 12th Dec"]
[Site "Chess.com INT"]
[Date "2017.12.12"]
[Round "5"]
[White "Ibarra Jerez, Jose Carlos"]
[Black "Rambaldi, Francesco"]
[Result "0-1"]
[WhiteElo "2577"]
[BlackElo "2563"]
[PlyCount "138"]
[EventDate "2017.12.12"]
[EventType "swiss (blitz)"]
[EventRounds "10"]
[EventCountry "USA"]
[SourceTitle "EXT 2021"]
[Source "ChessBase"]
[SourceDate "2020.10.23"]
[SourceVersion "1"]
[SourceVersionDate "2020.10.23"]
[SourceQuality "1"]

1. e4 e5 2. Nf3 Nc6 3. Bb5 Nf6 4. 0-0 Nxe4 5. Re1 Nd6 6. Nxe5 Be7 7. Bd3 Nxe5 8. Rxe5 0-0 9. Nc3 Bf6 10. Re3 Re8 11. Nd5 g6 12. Nxf6+ Qxf6 13. Rb1 b6 14. Rxe8+ Nxe8 15. Be4 Rb8 16. b3 Nd6 17. Bb2 Qe6 18. Bf3 Bb7 19. Bxb7 Nxb7 20. Qf3 Re8 21. g3 Qc6 22. Qxc6 dxc6 23. Kf1 Kf8 24. Re1 Rxe1+ 25. Kxe1 Ke7 26. Be5 Kd7 27. g4 c5 28. d3 Na5 29. Kd2 Nc6 30. Bg3 Nb4 31. a3 Nd5 32. c4 Ne7 33. Ke3 Nc6 34. Ke4 Nd4 35. b4 Ne6 36. b5 Nd4 37. Ke5 Ke7 38. Bh4+ Ke8 39. Kf6 Nf3 40. Bg3 Ne1 41. Bxc7 Nxd3 42. Bb8 Nb2 43. Bxa7 Nxc4 44. a4 Kd7 45. Bb8 Nb2 46. Kxf7 Nd3 47. f4 c4 48. Be5 g5 49. Bd4 gxf4 50. g5 f3 51. Kg7 f2 52. Bxf2 Nxf2 53. Kxh7 c3 54. g6 Ne4 55. g7 Nf6+ 56. Kg6 Ng8 57. Kf7 Nh6+ 58. Kg6 Ng8 59. Kf7 Ne7 60. a5 bxa5 61. g8Q Nxg8 62. b6 Kc6 63. b7 Kxb7 64. h4 c2 65. Kxg8 c1Q 66. h5 Qh6 67. Kf7 Qxh5+ 68. Kg7 Qc5 69. Kh7 Kc7 0-1

[Event "Titled Tuesday intern op 12th Dec"]
[Site "Chess.com INT"]
[Date "2017.12.12"]
[Round "2"]
[White "Mekhitarian, Krikor Sevag"]
[Black "Rambaldi, Francesco"]
[Result "0-1"]
[WhiteElo "2522"]
[BlackElo "2563"]
[PlyCount "88"]
[EventDate "2017.12.12"]
[EventType "swiss (blitz)"]
[EventRounds "10"]
[EventCountry "USA"]
[SourceTitle "EXT 2021"]
[Source "ChessBase"]
[SourceDate "2020.10.23"]
[SourceVersion "1"]
[SourceVersionDate "2020.10.23"]
[SourceQuality "1"]

1. e4 e5 2. Nf3 Nc6 3. Bc4 Bc5 4. 0-0 Nf6 5. d3 d6 6. a4 a5 7. c3 h6 8. d4 Bb6 9. dxe5 Nxe5 10. Nxe5 dxe5 11. Qxd8+ Kxd8 12. Nd2 Ke7 13. Be2 Be6 14. Nc4 Bxc4 15. Bxc4 Nxe4 16. Bd5 Nd6 17. Re1 f6 18. b3 c6 19. Bf3 Rhd8 20. Ba3 Ke6 21. Rad1 Nf7 22. Bg4+ f5 23. Be2 Kf6 24. Kf1 Ng5 25. f3 Ne6 26. Bc4 Rxd1 27. Rxd1 Rd8 28. Rxd8 Bxd8 29. g3 Be7 30. Bc1 Nc7 31. Ke2 Bc5 32. h3 Ne8 33. Bg8 Ke7 34. Bd2 Nf6 35. Bc4 e4 36. f4 Ne8 37. b4 Bb6 38. Bg8 Nc7 39. c4 Na6 40. bxa5 Bd4 41. Bh7 Kf6 42. g4 g6 43. g5+ Kg7 44. gxh6+ Kxh7 0-1

[Event "Titled Tuesday intern op 12th Dec"]
[Site "Chess.com INT"]
[Date "2017.12.12"]
[Round "8"]
[White "Rambaldi, Francesco"]
[Black "Akobian, Varuzhan"]
[Result "0-1"]
[WhiteElo "2563"]
[BlackElo "2647"]
[PlyCount "72"]
[EventDate "2017.12.12"]
[EventType "swiss (blitz)"]
[EventRounds "10"]
[EventCountry "USA"]
[SourceTitle "EXT 2021"]
[Source "ChessBase"]
[SourceDate "2020.10.23"]
[SourceVersion "1"]
[SourceVersionDate "2020.10.23"]
[SourceQuality "1"]

1. e4 e6 2. d4 d5 3. exd5 exd5 4. Nf3 Nf6 5. Bd3 c5 6. dxc5 Bxc5 7. Qe2+ Be6 8. Be3 Bd6 9. Nbd2 Nc6 10. Nb3 0-0 11. 0-0 Re8 12. h3 Qd7 13. Ng5 d4 14. Nxd4 Nxd4 15. Bxd4 Bxh3 16. Qd1 Bg4 17. Qd2 Be5 18. Bxe5 Rxe5 19. Qf4 Rae8 20. Nf3 Bxf3 21. Qxf3 Ng4 22. g3 h5 23. Kg2 g6 24. Rad1 Qc7 25. b3 R8e6 26. Bc4 Rf6 27. Qd3 Kg7 28. Qd4 b5 29. Bd5 Qxc2 30. Bf3 Ne3+ 31. Kg1 Nxf1 32. Qxe5 Nd2 33. Be2 Ne4 34. Re1 Nxf2 35. Bf1 Ng4 36. Qd4 Qh2# 0-1

[Event "Titled Tuesday intern op 12th Dec"]
[Site "Chess.com INT"]
[Date "2017.12.12"]
[Round "10"]
[White "Shimanov, Aleksandr"]
[Black "Rambaldi, Francesco"]
[Result "0-1"]
[WhiteElo "2641"]
[BlackElo "2563"]
[PlyCount "98"]
[EventDate "2017.12.12"]
[EventType "swiss (blitz)"]
[EventRounds "10"]
[EventCountry "USA"]
[SourceTitle "EXT 2021"]
[Source "ChessBase"]
[SourceDate "2020.10.23"]
[SourceVersion "1"]
[SourceVersionDate "2020.10.23"]
[SourceQuality "1"]

1. d4 d5 2. c4 e6 3. Nc3 Nf6 4. Nf3 Nbd7 5. Bg5 Be7 6. e3 h6 7. Bh4 0-0 8. Qb3 c5 9. Rd1 cxd4 10. exd4 dxc4 11. Bxc4 Nb6 12. Bd3 Nbd5 13. Bb1 Qb6 14. Qc2 Nb4 15. Qd2 Bd7 16. 0-0 Rfd8 17. a3 Nbd5 18. Qd3 Bc6 19. Bxf6 Nxf6 20. Ne5 Rac8 21. Rd2 Bd6 22. Qe2 Be8 23. Rfd1 Bb8 24. Ng4 Nd5 25. Nxd5 Rxd5 26. Qd3 f5 27. Ne3 Rdd8 28. d5 Bf7 29. Qe2 g6 30. Nc4 Qc7 31. Qe3 Rxd5 32. b3 Qxh2+ 33. Kf1 Bf4 34. Qf3 Bxd2 35. Rxd2 Rxd2 36. Nxd2 Qd6 37. Nc4 Qd5 38. Qe2 b5 39. Bd3 bxc4 40. Bxc4 Qd4 41. g3 e5 42. Bxf7+ Kxf7 43. Qa6 Qd1+ 44. Kg2 Qd5+ 45. Kh2 Rc1 46. Qxa7+ Kf6 47. Qb6+ Qc6 48. Qd8+ Kf7 49. f3 Qc2+ 0-1

[Event "Panama City Chess Rumble op"]
[Site "Panama City"]
[Date "2017.11.04"]
[Round "9"]
[White "Granda Zuniga, Julio E"]
[Black "Rambaldi, Francesco"]
[Result "1/2-1/2"]
[WhiteElo "2650"]
[BlackElo "2574"]
[PlyCount "28"]
[EventDate "2017.11.04"]
[EventType "game (blitz)"]
[EventRounds "9"]
[EventCountry "PAN"]
[SourceTitle "CBM 181 Extra"]
[Source "ChessBase"]
[SourceDate "2017.12.12"]
[SourceVersion "1"]
[SourceVersionDate "2017.12.12"]
[SourceQuality "1"]

1. c4 e6 2. Nf3 d5 3. e3 Nf6 4. Nc3 Be7 5. d4 0-0 6. b3 c5 7. cxd5 cxd4 8. Nxd4 Nxd5 9. Bd2 Bf6 10. Bc4 Nxc3 11. Bxc3 Nc6 12. 0-0 Nxd4 13. Bxd4 Bxd4 14. Qxd4 Qxd4 1/2-1/2

[Event "Panama City Chess Rumble op"]
[Site "Panama City"]
[Date "2017.11.04"]
[Round "2"]
[White "Lopez Idarraga, Daniel Eduardo"]
[Black "Rambaldi, Francesco"]
[Result "0-1"]
[WhiteElo "2045"]
[BlackElo "2574"]
[PlyCount "66"]
[EventDate "2017.11.04"]
[EventType "game (blitz)"]
[EventRounds "9"]
[EventCountry "PAN"]
[SourceTitle "CBM 181 Extra"]
[Source "ChessBase"]
[SourceDate "2017.12.12"]
[SourceVersion "1"]
[SourceVersionDate "2017.12.12"]
[SourceQuality "1"]

1. e4 e5 2. Nf3 Nc6 3. Bb5 a6 4. Ba4 Nf6 5. 0-0 Be7 6. d3 d6 7. a3 0-0 8. Nc3 Bg4 9. Be3 Nd4 10. Bxd4 exd4 11. Ne2 Bxf3 12. gxf3 Nh5 13. Nxd4 Bf6 14. Ne2 b5 15. Bb3 Bxb2 16. Bd5 Bxa1 17. Bxa8 Be5 18. Bd5 c6 19. Ba2 Qg5+ 20. Ng3 Nf4 21. Kh1 Qf6 22. Rg1 g6 23. Ne2 Nh3 24. Rg2 Qxf3 25. Qf1 Kg7 26. Ng1 Nxg1 27. Kxg1 f5 28. exf5 Rxf5 29. Bb3 Bd4 30. c4 Re5 31. Rg3 Qf4 32. cxb5 axb5 33. h3 Qxg3+ 0-1

[Event "Panama City Chess Rumble op"]
[Site "Panama City"]
[Date "2017.11.04"]
[Round "7"]
[White "Rambaldi, Francesco"]
[Black "Sanchez Alvarez, Roberto Carlos"]
[Result "1-0"]
[WhiteElo "2574"]
[BlackElo "2402"]
[PlyCount "45"]
[EventDate "2017.11.04"]
[EventType "game (blitz)"]
[EventRounds "9"]
[EventCountry "PAN"]
[SourceTitle "CBM 181 Extra"]
[Source "ChessBase"]
[SourceDate "2017.12.12"]
[SourceVersion "1"]
[SourceVersionDate "2017.12.12"]
[SourceQuality "1"]

1. d4 Nf6 2. Nf3 d5 3. Bf4 Bf5 4. e3 e6 5. c4 Bxb1 6. Qxb1 Bb4+ 7. Kd1 Ne4 8. Qc2 c6 9. Bd3 f5 10. Ke2 Nd7 11. Qb3 Qe7 12. c5 Bxc5 13. dxc5 e5 14. Bxe5 Nxe5 15. Nxe5 Qxe5 16. Rac1 0-0 17. f3 Nf6 18. Qc3 Qe6 19. Kd2 Rad8 20. Qd4 Ne4+ 21. fxe4 dxe4 22. Bc4 Rxd4+ 23. exd4 1-0

[Event "Saint Louis SPICE Cup op 11th"]
[Site "Saint Louis"]
[Date "2017.10.25"]
[Round "7.1"]
[White "Rambaldi, Francesco"]
[Black "Bruzon Batista, Lazaro"]
[Result "0-1"]
[WhiteElo "2574"]
[BlackElo "2660"]
[PlyCount "68"]
[EventDate "2017.10.21"]
[EventType "swiss"]
[EventRounds "9"]
[EventCountry "USA"]
[SourceTitle "CBM 181 Extra"]
[Source "ChessBase"]
[SourceDate "2017.12.12"]
[SourceVersion "1"]
[SourceVersionDate "2017.12.12"]
[SourceQuality "1"]

1. e4 e5 2. Nf3 Nc6 3. Bc4 Bc5 4. 0-0 Nf6 5. d3 d6 6. c3 a6 7. a4 Ba7 8. Re1 0-0 9. h3 Ne7 10. d4 Ng6 11. Bb3 c6 12. Nbd2 exd4 13. cxd4 d5 14. e5 Nh5 15. Nf1 f6 16. Bc2 Nhf4 17. Ra3 Bb8 18. Ng3 fxe5 19. Nxe5 Bxe5 20. dxe5 Be6 21. Nh5 Qh4 22. Nxf4 Nxf4 23. Rg3 c5 24. b4 cxb4 25. Bb3 Kh8 26. Be3 Rac8 27. Rf3 g5 28. Bd4 Rg8 29. a5 Rcf8 30. Qd2 Nxg2 31. Bxd5 Nxe1 32. Rf6 g4 33. hxg4 Bxd5 34. Kf1 Bc4+ 0-1

[Event "Saint Louis SPICE Cup op 11th"]
[Site "Saint Louis"]
[Date "2017.10.23"]
[Round "4"]
[White "Li, Ruifeng"]
[Black "Rambaldi, Francesco"]
[Result "1/2-1/2"]
[WhiteElo "2564"]
[BlackElo "2574"]
[PlyCount "74"]
[EventDate "2017.10.21"]
[EventType "swiss"]
[EventRounds "9"]
[EventCountry "USA"]
[SourceTitle "CBM 181 Extra"]
[Source "ChessBase"]
[SourceDate "2017.12.12"]
[SourceVersion "1"]
[SourceVersionDate "2017.12.12"]
[SourceQuality "1"]

1. e4 e5 2. Nf3 Nc6 3. Bc4 Bc5 4. c3 Nf6 5. d3 0-0 6. Nbd2 a6 7. Bb3 Ba7 8. h3 d6 9. Nf1 d5 10. Qe2 Re8 11. Ng3 h6 12. Nh2 Be6 13. Ng4 Nh7 14. 0-0 Qd7 15. Qf3 Rad8 16. Nxh6+ gxh6 17. Nh5 Kh8 18. Bxh6 Rg8 19. Nf6 Nxf6 20. Qxf6+ Kh7 21. Qh4 Rg6 22. Bg5+ Kg7 23. Bxd8 Nxd8 24. Kh2 d4 25. f4 exf4 26. Qxf4 Nc6 27. Bxe6 Qxe6 28. Qf5 Qd6+ 29. Kh1 Ne5 30. Rf4 Qe7 31. Raf1 c6 32. Qh5 Qg5 33. Qxg5 Rxg5 34. g4 Rg6 35. Rf5 f6 36. g5 Rxg5 37. Rxf6 dxc3 1/2-1/2